000 00867cam a22002897a 4500
003 CHAP
005 20220329134050.0
008 971013s1933 us r 00010 eng d
010 _a14892
011 _a15864
035 _a19941
040 _cCHAP
082 0 4 _a581.9726
_bB4
100 0 0 _aBequaert, J. C.
_911719
245 1 0 _aBotanical notes from Yucatan
260 _aWashington :
_bCarnegie Institution,
_c1933
300 _app. 505-524 ; mapas.
500 _aReprinted from publication (431)
590 _aBATCH-UPD
_b10
_c20130110
_lUCH01
_h1841
590 _aBATCH-UPD
_b10
_c20130410
_lUCH01
_h1212
590 _aBATCH-UPD
_b10
_c20130914
_lUCH01
_h0728
590 _aCONVERSION
_b10
_c20130109
_lUCH01
_h1309
650 1 4 _aBotánica
_xYucatán.
_914635
901 _aBK
942 _cLIBRO
949 _a581.9726 B4
_bBC
_cLIBRO
_d-46437
_eLIBRO
_h26815
_i19941
_si
999 _c14892
_d14892